Language Quiz

Random Language or State Quiz

Word Hourglass VIII Quiz Stats

 Plays Quiz Updated Jul 22, 2015

Also try: Word Hourglass VII
Challenge
Share
Tweet
Embed
Score 0/11 Timer 03:00
14 Plays Today
Clue Word % Correct
It's opposite S on a compassN
98.4%
Cheerleading film: 'Bring It ___'ON
98.1%
The Supreme's 'Stop! ___ the Name of Love'IN
98%
It comes before Jovi and Iver in bandsBON
97.2%
Capital of MassachusettsBOSTON
92.8%
Capital of TexasAUSTIN
91.9%
Element with the symbol SnTIN
91.8%
DiscolorationSTAIN
72.6%
One who puts on airsSNOB
63.1%
Opposed toANTI
56.1%
A particle with an integral spinBOSON
53.9%

You're not logged in!

Compare scores with friends on all Sporcle quizzes.
OR
Log In

You Might Also Like...

Show Comments

Extras

Top Quizzes Today


Score Distribution

Your Account Isn't Verified!

In order to create a playlist on Sporcle, you need to verify the email address you used during registration. Go to your Sporcle Settings to finish the process.

Report this User

Report this user for behavior that violates our Community Guidelines.

Details: